Detalles MARC
| 000 -CABECERA |
| campo de control de longitud fija |
01449cam a22002771 4500 |
| 001 - NÚMERO DE CONTROL |
| campo de control |
000004264 |
| 005 - FECHA Y HORA DE LA ÚLTIMA TRANSACCIÓN |
| campo de control |
20200929151423.0 |
| 008 - DATOS DE LONGITUD FIJA--INFORMACIÓN GENERAL |
| campo de control de longitud fija |
941119s1946 ag 000 0 spa |
| 040 ## - FUENTE DE LA CATALOGACIÓN |
| Centro catalogador/agencia de origen |
DO-SdBNP |
| Lengua de catalogación |
spa |
| Centro/agencia transcriptor |
BNPHU |
| 082 ## - NÚMERO DE LA CLASIFICACIÓN DECIMAL DEWEY |
| Número de clasificación |
809.03 |
| Número de documento/Ítem |
B817g |
| 100 1# - ENTRADA PRINCIPAL--NOMBRE DE PERSONA |
| Nombre de persona |
Brandes, Georg Morris Cohen. |
| Forma completa/desarrollada del nombre |
(Georg Morris Cohen Brandes), |
| Fechas asociadas al nombre |
1842-1927. |
| 9 (RLIN) |
12606 |
| 245 14 - MENCIÓN DE TÍTULO |
| Título |
Las grandes corrientes de la literatura en el siglo XIX / |
| Mención de responsabilidad, etc. |
Georg Morris Cohen Brandes ; traducción V. Arobon Fernández, S. M. Neuschlosz, Ángela Romera y Marta E. Samatan. |
| 260 ## - PUBLICACIÓN, DISTRIBUCIÓN, ETC. |
| Lugar de publicación, distribución, etc. |
Buenos Aires : |
| Nombre del editor, distribuidor, etc. |
Americalee, |
| Fecha de publicación, distribución, etc. |
1946. |
| 300 ## - DESCRIPCIÓN FÍSICA |
| Extensión |
6 v. ; |
| Dimensiones |
24 cm. |
| 500 ## - NOTA GENERAL |
| Nota general |
La biblioteca posee el vol. Segundo. |
| 500 ## - NOTA GENERAL |
| Nota general |
The Danish original was pub. 1872-1890 under title: Hovedstrmninger i det 19 de aarhundredes litteratur. |
| 500 ## - NOTA GENERAL |
| Nota general |
"Traduccion ... por V. Orobon Fernandez ... Dr. S. M. Neuschlosz ... las Dras. Angela Romera y Marta E. Samatan." |
| 505 0# - NOTA DE CONTENIDO CON FORMATO |
| Nota de contenido con formato |
v. 1. La literatura de emigrantes. La escuela romántica en Alemania. La Francia en Reaccion. El Naturalista en Inglaterra -- v. 2. La escuela romántica en Francia. La joven Alemania. |
| 650 #0 - PUNTO DE ACCESO ADICIONAL DE MATERIA--TÉRMINO DE MATERIA |
| Término de materia o nombre geográfico como elemento de entrada |
Literature, modern |
| Subdivisión cronológica |
19th century |
| Subdivisión general |
History and criticism. |
| 9 (RLIN) |
12607 |
| 650 #0 - PUNTO DE ACCESO ADICIONAL DE MATERIA--TÉRMINO DE MATERIA |
| Término de materia o nombre geográfico como elemento de entrada |
Naturalism in literature. |
| 9 (RLIN) |
12608 |
| 650 #0 - PUNTO DE ACCESO ADICIONAL DE MATERIA--TÉRMINO DE MATERIA |
| Término de materia o nombre geográfico como elemento de entrada |
Romanticism. |
| 9 (RLIN) |
12609 |
| 700 1# - PUNTO DE ACCESO ADICIONAL--NOMBRE DE PERSONA |
| Nombre de persona |
Orobon Fernandez, V., |
| Término indicativo de función/relación |
tr. |
| 9 (RLIN) |
12610 |
| 700 1# - PUNTO DE ACCESO ADICIONAL--NOMBRE DE PERSONA |
| Nombre de persona |
Neuschlosz, s. m., |
| Término indicativo de función/relación |
tr. |
| 9 (RLIN) |
12611 |
| 700 1# - PUNTO DE ACCESO ADICIONAL--NOMBRE DE PERSONA |
| Nombre de persona |
Romera, Angela, |
| Término indicativo de función/relación |
tr. |
| 9 (RLIN) |
12612 |
| 700 1# - PUNTO DE ACCESO ADICIONAL--NOMBRE DE PERSONA |
| Nombre de persona |
Samatan Marta E., |
| Término indicativo de función/relación |
tr. |
| 9 (RLIN) |
12613 |